Meet The Grahams 2 Verse - Statistics

General Stats
  • This quiz has been taken 21 times
  • The average score is 222 of 376
Answer Stats
Answer % Correct
Dear
100%
I
93%
you
93%
You
93%
a
87%
A
87%
Sandra
87%
so
87%
Son
87%
Your
87%
your
87%
Got
80%
got
80%
he
80%
He
80%
ho
80%
I'm
80%
i'm
80%
man
80%
Some
80%
some
80%
the
80%
The
80%
to
80%
To
80%
and
73%
And
73%
be
73%
Dennis
73%
for
73%
his
73%
in
73%
is
73%
should
73%
Should
73%
with
73%
With
73%
all
67%
ask
67%
blamin
67%
don't
67%
Hope
67%
it
67%
more
67%
of
67%
paper
67%
Se*
67%
that
67%
them
67%
Then
67%
think
67%
Think
67%
uh
67%
who
67%
woman
67%
women
67%
addictions
60%
battle
60%
birth
60%
can
60%
die
60%
feels
60%
Fuck
60%
gambling
60%
gave
60%
Habits
60%
him
60%
Him
60%
how
60%
keep
60%
know
60%
like
60%
listen
60%
master
60%
Ni****
60%
on
60%
rap
60%
rest
60%
sick
60%
tell
60%
their
60%
this
60%
up
60%
what
60%
1
53%
12
53%
allowance
53%
around
53%
bein'
53%
black
53%
bout
53%
cell
53%
daughters
53%
Down
53%
em
53%
fetish
53%
girls
53%
goin'
53%
gotta
53%
hates
53%
heavy
53%
here
53%
industry
53%
inside
53%
intuition
53%
keepin
53%
life
53%
live
53%
lurkin
53%
manipulator
53%
not
53%
now
53%
offenders
53%
our
53%
police
53%
predators
53%
purpose
53%
push
53%
raise
53%
say
53%
secret
53%
see
53%
shit
53%
Sit
53%
that's
53%
these
53%
thoughts
53%
undermine
53%
victim
53%
we
53%
weird
53%
years
53%
any
47%
artists
47%
because
47%
Been
47%
better
47%
blinded
47%
Child
47%
child
47%
Even
47%
favor
47%
fuckin
47%
get
47%
Get
47%
home
47%
horrible
47%
hurt
47%
It's
47%
it's
47%
kinks
47%
knowin
47%
leak
47%
monthly
47%
nerve
47%
never
47%
nympho
47%
person
47%
play
47%
prove
47%
raised
47%
son's
47%
themselves
47%
there's
47%
They
47%
Truth
47%
Usin
47%
videos
47%
you're
47%
alignment
40%
beard
40%
callin
40%
climate
40%
compromised
40%
emotion
40%
facial
40%
fit
40%
fucked
40%
further
40%
good
40%
Grew
40%
hopin'
40%
huge
40%
lil'
40%
ones
40%
Or
40%
OV
40%
said
40%
sister
40%
victims
40%
weirdos
40%
y'all
40%
Especially
33%
hair
33%
just
33%
lives
33%
music
33%
playin
33%
sellin
33%
tender
33%
time
33%
Weinstein
33%
Williams
33%
agendas
27%
Katt
27%
kids
27%
love
27%
matter
27%
niece
27%
only
27%
streamlinin
27%
understood
27%
anybody
20%
away
20%
Curry
20%
family
20%
hey
20%
I'ma
20%
im'a
20%
Lebron
20%
mines
20%
raided
20%
shoot
20%
embassy
13%
embody
13%
lookin'
13%
pervert
13%
safe
13%
through
13%
too
13%
Ayy
7%
but
7%
hypersexulizes
0%
Pshychopath
0%
No matching quizzes found
Score Distribution
Percent of People with Each Score
Percentile by Number Answered
Your Score History
You have not taken this quiz